Statystyki dla 5 największych gospodarek w Australii i Oceanii

Kliknij tutaj aby rozwiązać quiz!

Ogólne statystyki

  • Ten quiz został rozwiązany 31 razy
  • Średni wynik to 5 z 5

Statystyki odpowiedzi

HintOdpowiedź% Poprawnych
1380 mldAustralia
100%
181,3 mldNowa Zelandia
100%
15,97 mldPapua-Nowa Gwinea
92%
5,08 mldFidżi
88%
1,097 mldWyspy Salomona
77%

Rozkład punktacji

Percentyl według liczby udzielonych odpowiedzi

Procent ludzi z każdym wynikiem

Twoja historia wyników

Nie rozwiązałeś tego quizu